|
|
|
|
| LEADER |
00000nam a22000007a 4500 |
| 005 |
20140717020859.0 |
| 007 |
cr|||| |||| |
| 008 |
140717s2014 es |||||s|||| 00||0 spa d |
| 020 |
|
|
|a 978-84-9085-006-0
|
| 035 |
|
|
|a 12323
|
| 040 |
|
|
|a vLex
|
| 090 |
|
|
|c 5098
|d 5098
|
| 100 |
1 |
|
|a Martn̕ Molina, Pedro B.
|
| 245 |
1 |
3 |
|a La Ley Concursal y la Mediacin̤ Concursal:
|h [Recurso electrn̤ico] :
|b Un estudio conjunto realizado por especialistas /
|c Pedro B. Martn̕ Molina, Mara̕ Antonia Lopo Lp̤ez, Jos ̌M® del Carre Da̕z-Gl̀vez
|
| 256 |
|
|
|a Servicio en ln̕ea
|
| 260 |
|
|
|a Madrid:
|b Dykinson,
|c 2014
|
| 300 |
|
|
|a 1 recurso electrn̤ico
|
| 506 |
1 |
|
|a Disponible solo en los productos indicados
|d vLex Global
|d vLex Global (Academic Edition, excluding Law Schools)
|d vLex Global (U.S. Academic Edition, Law Schools)
|d vLex Global (U.S. Academic Edition, excluding Law Schools)
|d vLex Global (Academic Edition, Law Schools)
|
| 650 |
0 |
4 |
|a Derecho Mercantil
|z Espaą
|
| 650 |
0 |
4 |
|a Arbitraje
|z Espaą
|
| 700 |
1 |
|
|a Lopo Lp̤ez, Mara̕ Antonia
|
| 700 |
1 |
|
|a del Carre Da̕z-Gl̀vez, Jos ̌M®
|
| 740 |
0 |
|
|a vLex Libros (Servicio en ln̕ea)
|
| 856 |
4 |
0 |
|u http://vlex.com/source/ley-concursal-mediacion-concursal-12323
|z Acceso restringido
|
| 942 |
|
|
|c BOOK
|
| 999 |
0 |
|
|a Trade Law
|
| 999 |
0 |
|
|a Arbitration
|